00225 a2200109 4500001000700000020000600007040001100013100002500024240003100049245002600080362000900106174138 a  cMagnum aRosa, Joao Guimaraes10aGrande sertao veredaslpor10aGrande sertao veredas0 a1899